00213nam a2200085Ia 4500100002700000245003600027260003000063082002200093546001200115 aKasana/H.S/ Kumar/K.D  aIntroductory Operation Research bSpringeraNew Delhic2003 a658.4034/KASbKAS aENGLISH